Studia Islamica

محفوظ في:

التنسيق: كتاب

اللغة: Undetermined

منشور في: JSTOR
Brill

الموضوعات:

الوصول للمادة أونلاين: Login to view Source

الوسوم: إضافة وسم

لا توجد وسوم, كن أول من يضع وسما على هذه التسجيلة!

رقم الطلب: (J)DS36.4 .S9

LEADER 00440nam a22001817a 4500
005 20250914085757.0
008 250214c99999999xx |||||||||||| ||und||
022 |a 0585-5292 
022 |a 1958-5705 
050 1 5 |a (J)DS36.4  |b .S9 
245 0 0 |a Studia Islamica 
264 1 |b JSTOR 
264 1 |b Brill 
362 0 |a (1953)-112 (2017) 
653 1 0 |a Religion 
856 4 0 |u https://www.jstor.org/journal/studiaislamica 
942 |c JL  |2 lcc 
999 |c 45673  |d 45673